00326nam a2200121Ia 4500008004100000041000800041082001700049100001600066245004500082260004100127300002900168365000700197240624s9999 xx 000 0 und d aeng a338.9154 LUC aLUCE EDWARD aIN SPITE OF THE GODS THE STRANGE RISE OF c2006aNew DelhibPenguin Books India ax, : 400 : p. : cm. ; 26 cRS